1181 1144 1326 1242 1456 1420 1996 1737 1738 1332 1358 1114 1264 1686 1520 1734 1434 1436 1882 1635 1799 1229 1238 1947 1752 1982 1199 1792 1009 1976 1541 1231 1588 1735 1345 1807 1425 1938 1001 1639 1163 1863 1715 1825 1131 1254 1510 1646 1152 1566 1752 1641 1408 1841 1462 1161 1099 1988 1678 1540 1613 1480 1279 1220 1508 1929 1159 1436 1147 1976 1757 1234 1161 1671 1033 1647 1004 1769 1253 1716 1776 1020 1212 1501 1734 1969 1614 1346 1425 1613 1228 1105 1387 1517 1863 1401 1877 1572 1878 BCNSPRNW ULIB Ver.6.0+V

เปลี่ยนเป็นภาษาไทย

Change to English
 แสดงรายละเอียดบรรณานุกรม
  กลับหน้าหลัก

Brief Record : Get Marc (ISO 2709) : E-mail record : QR code < ปิดหน้าต่าง
LEADER : 00000nam 2200000uu 4500
001    13399124435
003     ULIB
008    150717s2558||||th 000 0 tha d
020    ^a9786163615343
060  4 ^aWB935^bบ427 ล.1
100 0  ^aบุญชัย อิศราพิสิษฐ์
245 10 ^aพิชิตโรคโดยไม่ใช้ยา เล่ม 1 ตอน ปฏิวัติชีวิต--ปฏิวัติสุขภาพ /^cบุญชัย อิศราพิสิษฐ์
250    ^aพิมพ์ครั้งที่ 6
260    ^aกรุงเทพฯ :^bสุขภาพดี,^c2558
300    ^a276 หน้า :^bภาพประกอบ
500    ^aพิชิตโรคร้าย--โดยไม่ใช้ยา สุดยอดหนังสือดี เล่ม 1
650  7 ^aการดูแลสุขภาพด้วยตนเอง
650  7 ^aพฤติกรรมสุขภาพ
650  7 ^aการรักษาด้วยธรรมชาติ
650  7 ^aการดูแลตนเอง
945    ^p200^l0^i22987
999    ^aทศพร เกษรทอง
รายการนี้ยังไม่มีแท็ก
คุณยังไม่ได้ล็อกอิน คุณสามารถมีกิจกรรมร่วมกับเว็บไซต์ได้ แต่ต้องล็อกอินก่อน ::
  ล็อกอิน

รายการสื่อสารสนเทศ

ลำดับที่ ประเภท เลขเรียก/บาร์โค้ด สถานที่ สถานะ
1. วิทยาศาสตร์การแพทย์ และสุขภาพ
วิทยาศาสตร์การแพทย์ และสุขภาพ
WB935 บ427 ล.1 ฉ.1 
  Barcode: 22987
ห้องสมุดวิทยาเขตนครสวรรค์
►ส่วนจัดเก็บหนังสือเก่า นว.
บนชั้น
  ขอยืม

รายการใกล้เคียง
    ผู้แต่ง [บุญชัย อิศราพิสิษฐ์]

    หัวเรื่อง [การดูแลสุขภาพด้วยตนเอง]
    หัวเรื่อง [พฤติกรรมสุขภาพ]
    หัวเรื่อง [การรักษาด้วยธรรมชาติ]
    หัวเรื่อง [การดูแลตนเอง]

BibComment


ยังไม่เคยถูกคอมเมนท์

คอมเมนท์ทรัพยากรรายการนี้
  คอมเมนท์: พิชิตโรคโดยไม่ใช..


 Copyright 2026. Bcnsprnw @Library